Zlatá stezka Českého ráje : putování po přírodních krásách a historických zajímavostech /

Hlavní autor: Tůma, Jan, 1941-
Další autoři: Kňap, Jaroslav, 1961-
Jazyk: Čeština
Vydáno: [Praha] : Karpana, 2007
Vydání: 1. vyd.
Edice: Na cestě (Karpana)
Témata:
Fyzický popis: 158 s. : il. (převážně barev.), mapy ; 24 cm
Knihy
Uloženo v:
LEADER 02020cam a2200505 a 4500
001 nkc20071747392
003 CZ PrNK
005 20080107133357.0
007 ta
008 071019s2007 xr ab e f 001 0 cze d
015 |a cnb001747392 
020 |a 978-80-903952-0-6  |q (váz.) 
035 |a (OCoLC)190778343 
040 |a KLG001  |b cze  |d BOA001  |d OLA001 
043 |a e-xr---  |b e-xr-cc  |2 czenas 
072 7 |a 913(437)  |x Geografie Česka a Slovenska, reálie, cestování  |2 Konspekt  |9 7 
080 |a 913:338.483.1  |2 MRF 
080 |a 908(437.31-17)  |2 MRF 
080 |a (036)913  |2 MRF 
080 |a (084.12)  |2 MRF 
100 1 |a Tůma, Jan,  |d 1941-  |7 xx0068354  |4 aut 
245 1 0 |a Zlatá stezka Českého ráje :  |b putování po přírodních krásách a historických zajímavostech /  |c [Jan Tůma, Jaroslav Kňap] 
246 3 |a Putování po přírodních krásách a historických zajímavostech Českého ráje 
250 |a 1. vyd. 
260 |a [Praha] :  |b Karpana,  |c 2007 
300 |a 158 s. :  |b il. (převážně barev.), mapy ;  |c 24 cm 
490 1 |a Na cestě ;  |v sv. 1 
500 |a Obsahuje rejstřík 
650 0 7 |a turistické zajímavosti  |7 ph126800  |z Česko  |2 czenas 
650 0 9 |a tourist sights  |z Czechia  |2 eczenas 
655 7 |a turistické průvodce  |7 fd133738  |2 czenas 
655 7 |a fotografické publikace  |7 fd132276  |2 czenas 
655 9 |a tourist guidebooks  |2 eczenas 
655 9 |a photographical works  |2 eczenas 
651 7 |a Zlatá stezka Českého ráje (Česko : turistická trasa)  |7 ge313783  |2 czenas 
651 7 |a Český ráj (Česko)  |7 ge128624  |x vlastivěda  |2 czenas 
651 9 |a Zlatá stezka Českého ráje (Czechia)  |2 eczenas 
651 9 |a Český ráj (Czechia)  |x description and travel  |2 eczenas 
700 1 |a Kňap, Jaroslav,  |d 1961-  |7 xx0068355  |4 aut  |4 pht 
830 0 |a Na cestě (Karpana)  |0 s 
910 2 |a BOA001  |b 2-1193.927 
990 |a BK 
995 |a 01 
991 |b 200711  |c NOV 
996 6 |b 2610323989  |c 2-1193.927  |l MZK  |r Sklad / do 1 hodiny  |n 1  |p p.v.  |w 000873606  |u 000010  |a 1  |e BOA001  |j MZK50  |s P